<?xml version="1.0" encoding="UTF-8"?>
<record
    xmlns:xsi="http://www.w3.org/2001/XMLSchema-instance"
    xsi:schemaLocation="http://www.loc.gov/MARC21/slim http://www.loc.gov/standards/marcxml/schema/MARC21slim.xsd"
    xmlns="http://www.loc.gov/MARC21/slim">

  <leader>02091nam a2200397 a 4500</leader>
  <controlfield tag="008">110811t2009    ag a   f |||| 001 0 spa d</controlfield>
  <datafield tag="020" ind1=" " ind2=" ">
    <subfield code="a">9789872523503</subfield>
  </datafield>
  <datafield tag="041" ind1=" " ind2=" ">
    <subfield code="a">spa</subfield>
  </datafield>
  <datafield tag="092" ind1=" " ind2=" ">
    <subfield code="c">615</subfield>
    <subfield code="l">53</subfield>
    <subfield code="s">MOI</subfield>
  </datafield>
  <datafield tag="100" ind1="1" ind2=" ">
    <subfield code="a">Moizeszowicz, Julio</subfield>
    <subfield code="9">753</subfield>
  </datafield>
  <datafield tag="245" ind1=" " ind2=" ">
    <subfield code="a">Psicofarmacolog&#xED;a psicodin&#xE1;mica IV. </subfield>
    <subfield code="b">Actualizaciones 2009. Estrategias terap&#xE9;uticas y psiconeurobiol&#xF3;gicas /</subfield>
    <subfield code="c">Julio Moizeszowicz</subfield>
  </datafield>
  <datafield tag="250" ind1=" " ind2=" ">
    <subfield code="a">1a ed.</subfield>
    <subfield code="b">Compilaci&#xF3;n del "XVIII Curso intensivo-interactivo de actualizaci&#xF3;n en Psicofarmacolog&#xED;a Cl&#xED;nica"</subfield>
  </datafield>
  <datafield tag="260" ind1=" " ind2=" ">
    <subfield code="a">Buenos Aires:</subfield>
    <subfield code="b">FundoPsi;</subfield>
    <subfield code="c">2009.</subfield>
  </datafield>
  <datafield tag="300" ind1=" " ind2=" ">
    <subfield code="a">156 p.</subfield>
    <subfield code="c">20x15 cm.</subfield>
  </datafield>
  <datafield tag="500" ind1=" " ind2=" ">
    <subfield code="a">Moizeszowicz, J. et al. (2009). Psicofarmacolog&#xED;a. Psicodin&#xE1;mica IV. Actualizaciones 2009. Estrategias terap&#xE9;uticas y psiconeurobiol&#xF3;gicas. (1a ed.). Buenos Aires : Fundopsi.</subfield>
  </datafield>
  <datafield tag="653" ind1=" " ind2=" ">
    <subfield code="a">Mundo real: depresiones encubiertas y resistentes</subfield>
  </datafield>
  <datafield tag="653" ind1=" " ind2=" ">
    <subfield code="a">Tratamiento psicofarmacol&#xF3;gico del burn-out</subfield>
  </datafield>
  <datafield tag="653" ind1=" " ind2=" ">
    <subfield code="a">Depresi&#xF3;n resistente: nuevas opciones terap&#xE9;uticas</subfield>
  </datafield>
  <datafield tag="653" ind1=" " ind2="3">
    <subfield code="a">La mujer y sus circustancias</subfield>
  </datafield>
  <datafield tag="653" ind1=" " ind2=" ">
    <subfield code="a">Consecuencias del estr&#xE9;s y de los trastornos mentales durante el embarazo</subfield>
  </datafield>
  <datafield tag="653" ind1=" " ind2=" ">
    <subfield code="a">Manejo de las alteraciones ps&#xED;quicas en la transici&#xF3;n periposmenop&#xE1;usica</subfield>
  </datafield>
  <datafield tag="653" ind1=" " ind2=" ">
    <subfield code="a">Ventajas de prevenci&#xF3;n del parto pret&#xE9;rmino sobre el manejo del reci&#xE9;n nacido prematuro: costos y beneficios</subfield>
  </datafield>
  <datafield tag="653" ind1=" " ind2=" ">
    <subfield code="a">Sobre genes, genomas, lo heredado y lo adquirido</subfield>
  </datafield>
  <datafield tag="653" ind1=" " ind2=" ">
    <subfield code="a">Nuevos paradigmas entre lo heredado y lo adquirido</subfield>
  </datafield>
  <datafield tag="653" ind1=" " ind2="4">
    <subfield code="a">Dos puntos pol&#xE9;micos del trastorno bipolar. &#xBF;es hereditario? &#xBF;se usan antidepresivos?</subfield>
  </datafield>
  <datafield tag="653" ind1=" " ind2=" ">
    <subfield code="a">C&#xE1;ncer de mama: procesamiento de la incertidumbre y mecanismos psicobiol&#xF3;gicos complejos</subfield>
  </datafield>
  <datafield tag="653" ind1=" " ind2=" ">
    <subfield code="a">Programa interactivo de preguntas y respuestas del auditorio</subfield>
  </datafield>
  <datafield tag="700" ind1="1" ind2=" ">
    <subfield code="a">Bentolila, Silvia</subfield>
    <subfield code="9">754</subfield>
    <subfield code="e">Cols.</subfield>
  </datafield>
  <datafield tag="700" ind1="1" ind2=" ">
    <subfield code="a">Frieder, Patricia</subfield>
    <subfield code="9">756</subfield>
    <subfield code="e">Cols.</subfield>
  </datafield>
  <datafield tag="700" ind1="1" ind2=" ">
    <subfield code="a">Guala, Sergio</subfield>
    <subfield code="9">758</subfield>
    <subfield code="e">Cols.</subfield>
  </datafield>
  <datafield tag="700" ind1="1" ind2=" ">
    <subfield code="a">Marmer, Marcelo</subfield>
    <subfield code="9">759</subfield>
    <subfield code="e">Cols.</subfield>
  </datafield>
  <datafield tag="700" ind1="1" ind2=" ">
    <subfield code="a">Monczor, Myriam</subfield>
    <subfield code="9">760</subfield>
    <subfield code="e">Cols.</subfield>
  </datafield>
  <datafield tag="700" ind1="1" ind2=" ">
    <subfield code="a">Kornblihtt, Albert</subfield>
    <subfield code="e">Cols.</subfield>
    <subfield code="9">3742</subfield>
  </datafield>
  <datafield tag="700" ind1="1" ind2=" ">
    <subfield code="a">Marquez, Miguel</subfield>
    <subfield code="e">Cols.</subfield>
    <subfield code="9">3743</subfield>
  </datafield>
  <datafield tag="942" ind1=" " ind2=" ">
    <subfield code="2">ddc</subfield>
    <subfield code="c">BK</subfield>
  </datafield>
  <datafield tag="999" ind1=" " ind2=" ">
    <subfield code="c">2151</subfield>
    <subfield code="d">2151</subfield>
  </datafield>
  <datafield tag="952" ind1=" " ind2=" ">
    <subfield code="0">0</subfield>
    <subfield code="1">0</subfield>
    <subfield code="2">ddc</subfield>
    <subfield code="4">0</subfield>
    <subfield code="7">0</subfield>
    <subfield code="a">BFM</subfield>
    <subfield code="b">BFM</subfield>
    <subfield code="c">CR</subfield>
    <subfield code="d">2015-04-10</subfield>
    <subfield code="e">Donaci&#xF3;n Marisa Urrere, Abril 2015</subfield>
    <subfield code="l">0</subfield>
    <subfield code="o">615 53 MOI</subfield>
    <subfield code="p">3473</subfield>
    <subfield code="r">2015-04-10</subfield>
    <subfield code="t">Ej. 2</subfield>
    <subfield code="w">2015-04-10</subfield>
    <subfield code="y">BK</subfield>
    <subfield code="z">Donaci&#xF3;n Marisa Urrere, Abril 2015</subfield>
  </datafield>
</record>
